00771 a2200145 4500003000500000005001700005028000800022040000900030082001300039100001600052245003800068260002800106300001300134505047800147Nust20221219130554.0 b100 cNust a100, EDM aIrwin edman aPhilosophers HolidaycIrwin Edman aCanadabMacmillanc1956 ax,269p.; aM. Platon (Page-11), Coteries of the Mind (Page-21), The Sailor and the Life of the Spirit (Page-41), An Irishman Among the Brahmins (Page-54), Love Observed in Luxembourg (Page-64), For the Love of Music (Page-75), Soliloquy in Agrigento (Page-89), Encounter with a Nazi (Page-107), Former Students (Page-114), Former Teachers (Page-125), Little Older New York (Page-160), Syrian Sophomores (Page-172), Sane Englishmen (Page-193), The Bomb and the Ivory Tower (Page-249).